000 00610nam a22002057a 4500
999 _c5385
_d5385
003 AR-CdUCM
008 190312b ||||| |||| 00| 0 spa d
040 _aMUNICIPALIDAD PROVINCIAL DEL CUSCO
_cBIBLIOTECA MUNICIPAL DEL CUSCO
082 _a750.3 /
_bG16
100 _aGalvez Barrera, Ana M.
_916236
245 _aTérminos relacionados a pintura y restauración /
260 _aCusco :
_bPantigoza.
300 _a39 páginas ;
_bilustraciones,
_c20.5 cm.
650 _aPintura
_93081
650 _aEnsayo
_9274
650 _aSiglo XX
_98
710 _aUNESCO
_913999
942 _2ddc
_cLIBROS
945 _araen